书目信息 |
| 题名: |
斯特拉文斯基传
|
|
| 作者: | 德鲁斯金, 著 ;焦东建 , 董茉莉 译 | |
| 分册: | ||
| 出版信息: | 北京 东方出版社 2002.01 |
|
| 页数: | [19], 197页 | |
| 开本: | 21cm | |
| 丛书名: | 世界大音乐家传记丛书 | |
| 单 册: | ||
| 中图分类: | K835.12 | |
| 科图分类: | ||
| 主题词: | 作曲家--zuo qu jia--传记--俄罗斯--现代 | |
| 电子资源: | ||
| ISBN: | 7-5060-1520-X | |
| 000 | 01222nam 2200301 450 | |
| 001 | 012008341708 | |
| 005 | 20080314115237.18 | |
| 010 | @a7-5060-1520-X@dCNY13.80 | |
| 100 | @a20080314d2002 km y0chiy0120 ea | |
| 101 | 1 | @achi@crus |
| 102 | @aCN@b110000 | |
| 105 | @ay z 000yb | |
| 106 | @ar | |
| 200 | 1 | @a斯特拉文斯基传@Asi te la wen si ji chuan@f(俄) 德鲁斯金著@F(e)de lu si jin zhu@g焦东建, 董茉莉译@Gjiao dong jian,dong mo li yi |
| 210 | @a北京@c东方出版社@d2002.01 | |
| 215 | @a[19], 197页@d21cm | |
| 225 | 2 | @a世界大音乐家传记丛书@Ashi jie da yin yue jia zhuan ji cong shu |
| 300 | @a书后附有主人公生平及活动年表和创作年表 | |
| 330 | @a本书通过彼得堡、普希金的影响、三个创作阶段、俄罗斯主题、戏剧创作等篇章,介绍了这位世界音乐巨匠斯特拉文斯基的艺术生涯。 | |
| 410 | 0 | @12001 @a世界大音乐家传记丛书 |
| 600 | 1 | @a斯特拉文斯基@g(Сгавинский, Игорь Фёдорович),@f1882-1971@x传记 |
| 606 | 0 | @a作曲家@Azuo qu jia@x传记@y俄罗斯@z现代 |
| 690 | @aK835.12@v4 | |
| 701 | 1 | @a德鲁斯金,@Ade lu si jin,@b米哈伊尔,@f1905-1991@4著 |
| 702 | 0 | @a焦东建@Ajiao dong jian@4译 |
| 702 | 0 | @a董茉莉@Adong mo li@4译 |
| 801 | 0 | @aCN@bQSSK@c20080314 |
| 905 | @b20283132-34@dK835.12@eS709@f3 | |
| 斯特拉文斯基传/(俄) 德鲁斯金著/焦东建, 董茉莉译.-北京:东方出版社,2002.01 |
| [19], 197页;21cm.-(世界大音乐家传记丛书) |
| 书后附有主人公生平及活动年表和创作年表 |
| ISBN 7-5060-1520-X:CNY13.80 |
| 本书通过彼得堡、普希金的影响、三个创作阶段、俄罗斯主题、戏剧创作等篇章,介绍了这位世界音乐巨匠斯特拉文斯基的艺术生涯。 |
| ● |
| 相关链接 |
|
|
|
正题名:斯特拉文斯基传
索取号:K835.12/S709
 
预约/预借
| 序号 | 登录号 | 条形码 | 馆藏地/架位号 | 状态 | 备注 |
| 1 | 283132 | 202831329 | 社科库309/309社科库 99排2列6层/ [索取号:K835.12/S709] | 在馆 | |
| 2 | 283133 | 202831338 | 社科库309/309社科库 99排2列6层/ [索取号:K835.12/S709] | 在馆 | |
| 3 | 283134 | 202831347 | 社科库309/309社科库 99排2列6层/ [索取号:K835.12/S709] | 在馆 |